00499 2200181 4500245009700000020002200097250000900119100002300128700002200151650001300173650001400186005001900200260004000219041001400259084001000273300002500283336000900308 aDunia Saham Tak Seindah di Media Sosial b : Panduan untuk PemulacJoice Tauris SantihText a978-623-346-103-0 a2021 aJoice Tauris Santi aPatricius Cahanar aFilsafat aInvestasi a20241017104703 aJakartabPenerbit Buku Kompasc2021 aIndonesia a332.6 ax + 184 hlm :c21 cm atext